[Event "32nd Rilton Cup"]
[Site "Stockholm SWE"]
[Date "2003.01.04"]
[Round "8.4"]
[White "Fries-Nielsen, Jens Ove"]
[Black "Stefansson, Hannes Hlifar"]
[Result "1-0"]
[WhiteElo "2444"]
[BlackElo "2566"]
[EventDate "2002.12.27"]
[PlyCount "57"]

1.d4 Nf6 2.Nf3 e6 3.c4 b6 4.Bf4 Bb7 5.e3 Be7 6.Nc3 Nh5 7.Bg3 d6 8.Bd3 Nd7 
9.Qc2 g6 10.O-O-O f5 11.h3 Nxg3 12.fxg3 Bg5 13.Kb1 Qf6 14.Nb5 Ke7 15.e4 a6
16.Nc3 f4 17.e5 dxe5 18.dxe5 Nxe5 19.Nxe5 Qxe5 20.Rhe1 Qc5 21.Qe2 Rhe8 22.
h4 Bh6 23.Bxg6 Kf8 24.Bxe8 Rxe8 25.gxf4 Bg7 26.Ne4 Qb4 27.Ng5 h6 28.Nxe6+ 
Rxe6 29.Rd8+ 1-0

[Event "32nd Rilton Cup"]
[Site "Stockholm SWE"]
[Date "2003.01.04"]
[Round "8.5"]
[White "Lehtinen, Hekki"]
[Black "Ivanov, Sergei"]
[Result "0-1"]
[WhiteElo "2332"]
[BlackElo "2561"]
[EventDate "2002.12.27"]
[PlyCount "69"]

1.c4 Nf6 2.g3 e5 3.Bg2 c6 4.d4 exd4 5.Qxd4 Na6 6.Nc3 Bc5 7.Qd1 d5 8.cxd5 
Nb4 9.Nf3 Nbxd5 10.Nxd5 Qxd5 11.Qxd5 Nxd5 12.O-O O-O 13.Bd2 Re8 14.Rfe1 
Bf5 15.Rac1 Bb6 16.Ng5 Nf6 17.e4 Bg6 18.Bc3 Rad8 19.e5 Ng4 20.Nh3 Bf5 21.
a4 Bd4 22.Bxd4 Rxd4 23.a5 a6 24.Rc3 Rxe5 25.Rxe5 Rd1+ 26.Bf1 Nxe5 27.Nf4 
Be4 28.Re3 f5 29.f3 Nxf3+ 30.Kf2 Nxh2 31.Bc4+ Kf8 32.Ke2 Rc1 33.Rc3 Rxc3 
34.bxc3 Ke7 35.Ne6 0-1

[Event "32nd Rilton Cup"]
[Site "Stockholm SWE"]
[Date "2003.01.04"]
[Round "8.7"]
[White "Vasquez Schroder, Rodrigo"]
[Black "Kiik, Kalle"]
[Result "1-0"]
[WhiteElo "2481"]
[BlackElo "2445"]
[EventDate "2002.12.27"]
[PlyCount "155"]

1.d4 Nf6 2.c4 e6 3.Nf3 Bb4+ 4.Bd2 a5 5.g3 b6 6.Bg2 Bb7 7.O-O O-O 8.Bg5 Be7
9.Bxf6 Bxf6 10.Nc3 d6 11.Qd2 Nd7 12.e4 g6 13.Rfe1 Bg7 14.Rad1 Rb8 15.h4 h6
16.d5 e5 17.Bh3 Nf6 18.Kg2 Bc8 19.Bxc8 Qxc8 20.Qe2 Nh5 21.Nh2 Qe8 22.b3 
Rd8 23.a3 f5 24.b4 axb4 25.axb4 Rd7 26.Ra1 Bf6 27.Kh1 Bd8 28.Ra8 Kh7 29.
Rf1 f4 30.Qg4 Rdf7 31.Kg2 Rf6 32.Nf3 Qe7 33.Qh3 fxg3 34.fxg3 Qf7 35.Qg4 
Qg7 36.Ra2 R6f7 37.Raf2 Kh8 38.Nh2 Nf6 39.Qe6 h5 40.Rf3 Kh7 41.R1f2 Rd7 
42.Rf1 Re8 43.Qh3 Rf7 44.R3f2 Rff8 45.Kh1 Qh6 46.Rf3 Qd2 47.Qg2 Qh6 48.Qe2
Kg7 49.Nb5 Nh7 50.Kg2 g5 51.hxg5 Qxg5 52.Rf5 Qg6 53.Qxh5 Qxh5 54.Rxh5 Nf6 
55.Rg5+ Kh6 56.Rgf5 Kg7 57.Nc3 Nh7 58.Rxf8 Rxf8 59.Nf3 Rf6 60.Ra1 Rf7 61.
Ra8 Bg5 62.Ra1 Be3 63.Nd1 Bd4 64.Ra2 Nf6 65.Nxd4 exd4 66.Rd2 Nxe4 67.Rxd4 
Re7 68.Ne3 Kg6 69.Ng4 Kf5 70.Nf2 Nf6 71.Rf4+ Kg5 72.b5 Re2 73.Kf3 Rc2 74.
Ke3 Nd7 75.Rf7 Ne5 76.Ne4+ Kg4 77.Rg7+ Kf5 78.Rg5# 1-0

[Event "32nd Rilton Cup"]
[Site "Stockholm SWE"]
[Date "2003.01.04"]
[Round "8.8"]
[White "Berg, Emanuel"]
[Black "Von Bahr, Oskar"]
[Result "1-0"]
[WhiteElo "2535"]
[BlackElo "2320"]
[EventDate "2002.12.27"]
[PlyCount "81"]

1.e4 c5 2.Nf3 d6 3.d4 cxd4 4.Nxd4 Nf6 5.Nc3 Nc6 6.Bg5 e6 7.Qd2 a6 8.O-O-O 
h6 9.Be3 Be7 10.f3 Nxd4 11.Bxd4 b5 12.Kb1 Rb8 13.g4 b4 14.Ne2 e5 15.Ba7 
Rb7 16.Be3 Be6 17.Nc1 a5 18.h4 Qc7 19.Ba6 Rb8 20.Ne2 Qc6 21.Bd3 d5 22.g5 
Nxe4 23.fxe4 dxe4 24.gxh6 g6 25.Nc1 exd3 26.Nxd3 Qd5 27.b3 a4 28.Nxe5 Qxd2
29.Rxd2 axb3 30.axb3 Rc8 31.Bg5 f6 32.Nxg6 Rh7 33.Re1 Bf5 34.Nxe7 Rxe7 35.
Rf1 Bh7 36.Bxf6 Re6 37.Bg7 Rcc6 38.Rf8+ Ke7 39.Rf4 Re4 40.Rxe4+ Bxe4 41.
Re2 1-0

[Event "32nd Rilton Cup"]
[Site "Stockholm SWE"]
[Date "2003.01.04"]
[Round "8.12"]
[White "Shumiakina, Tatania"]
[Black "Lobron, Eric"]
[Result "1-0"]
[WhiteElo "2364"]
[BlackElo "2500"]
[EventDate "2002.12.27"]
[PlyCount "81"]

1.d4 Nf6 2.c4 d6 3.Nc3 Nbd7 4.Nf3 c6 5.e4 e5 6.Be2 Be7 7.O-O O-O 8.d5 Nc5 
9.Qc2 cxd5 10.cxd5 Qc7 11.Nd2 Bd7 12.a4 Rfc8 13.Ra3 Qd8 14.Qb1 Ne8 15.b4 
Na6 16.Nc4 Bg5 17.Bxg5 Qxg5 18.Nb5 Qe7 19.Rc1 g6 20.Rac3 h5 21.Na5 Rxc3 
22.Rxc3 Nf6 23.Nxb7 Bxb5 24.axb5 Qxb7 25.bxa6 Qb6 26.b5 Kg7 27.h3 Qd4 28.
Rc4 Qd2 29.Bf1 h4 30.Qd3 Qe1 31.Qe3 Qxe3 32.fxe3 Rb8 33.Rc6 Nxe4 34.b6 
axb6 35.a7 Ra8 36.Rc7 Nf6 37.e4 Ne8 38.Rb7 Nf6 39.Bb5 Nxe4 40.Bc6 Nc5 41.
Re7 1-0

[Event "32nd Rilton Cup"]
[Site "Stockholm SWE"]
[Date "2003.01.04"]
[Round "8.13"]
[White "Spielmann, Alain"]
[Black "Djurhuus, Rune"]
[Result "1/2-1/2"]
[WhiteElo "2308"]
[BlackElo "2479"]
[EventDate "2002.12.27"]
[PlyCount "98"]

1.Nf3 c5 2.c4 g6 3.e4 Bg7 4.d4 cxd4 5.Nxd4 Nc6 6.Be3 Nf6 7.Nc3 O-O 8.Be2 
d6 9.O-O Bd7 10.Qd2 Nxd4 11.Bxd4 Bc6 12.f3 a5 13.b3 Nd7 14.Be3 Nc5 15.Rab1
f5 16.exf5 gxf5 17.Nd5 Bxd5 18.Qxd5+ e6 19.Qd2 Qc7 20.Rfd1 Rad8 21.a3 a4 
22.b4 Nb3 23.Qd3 Kh8 24.Kh1 b6 25.Bg5 Bf6 26.Bf4 Be5 27.Bg5 Rd7 28.f4 Bg7 
29.Qe3 d5 30.cxd5 Rxd5 31.Qxe6 Rxd1+ 32.Rxd1 Nd4 33.Qe3 Nxe2 34.Qxe2 Qc3 
35.Qd3 Qxd3 36.Rxd3 h6 37.Bd8 b5 38.Kg1 Bb2 39.Bb6 Kh7 40.Kf2 Re8 41.Kf3 
h5 42.h3 Re1 43.Bd4 Rf1+ 44.Ke2 Rb1 45.Bxb2 Rxb2+ 46.Rd2 Rb3 47.Rd3 Rb2+ 
48.Rd2 Rb3 49.Rd3 Rb2+ 1/2-1/2

[Event "32nd Rilton Cup"]
[Site "Stockholm SWE"]
[Date "2003.01.04"]
[Round "8.14"]
[White "Aakesson, Ralf"]
[Black "Trygstad, Kristian"]
[Result "0-1"]
[WhiteElo "2440"]
[BlackElo "2299"]
[EventDate "2002.12.27"]
[PlyCount "72"]

1.Nf3 Nf6 2.g3 g6 3.b4 Bg7 4.Bb2 c6 5.a3 d5 6.Bg2 a5 7.d3 axb4 8.axb4 Rxa1
9.Bxa1 Na6 10.c3 Bf5 11.O-O O-O 12.Nbd2 Re8 13.c4 dxc4 14.Nxc4 Be6 15.Qb1 
Nc7 16.Na5 Bc8 17.Rc1 Nb5 18.Be5 Nd7 19.Bxg7 Kxg7 20.d4 e5 21.dxe5 Nxe5 
22.Nxe5 Rxe5 23.e3 Qf6 24.Qc2 Re7 25.h3 h5 26.Rd1 Bf5 27.Qc5 h4 28.g4 Be4 
29.Nc4 Nc3 30.Rf1 Bxg2 31.Kxg2 Ne4 32.Qa5 b5 33.Nb6 Nd2 34.Nc8 Qf3+ 35.Kg1
Qxh3 36.Qa1+ Kh7 0-1

[Event "32nd Rilton Cup"]
[Site "Stockholm SWE"]
[Date "2003.01.04"]
[Round "8.15"]
[White "Bellon Lopez, Juan Manuel"]
[Black "Hellborg, Teodor"]
[Result "1-0"]
[WhiteElo "2428"]
[BlackElo "2240"]
[EventDate "2002.12.27"]
[PlyCount "97"]

1.d4 Nf6 2.Nf3 e6 3.c4 b6 4.Bg5 Bb7 5.Nc3 Bb4 6.Qc2 h6 7.Bh4 g5 8.Bg3 Ne4 
9.Be5 Bxc3+ 10.bxc3 Rg8 11.Nd2 f5 12.f3 d6 13.fxe4 dxe5 14.d5 f4 15.e3 Nd7
16.Qa4 Kf8 17.Be2 Kg7 18.h4 fxe3 19.Nf1 Nc5 20.Qc2 Qf6 21.O-O-O Qf4 22.
hxg5 hxg5 23.Rh3 Rh8 24.Rxe3 Rh1 25.g3 Qf6 26.Bf3 Rh7 27.Bg4 Qe7 28.Rf3 
Rh1 29.Ne3 Rxd1+ 30.Kxd1 Rf8 31.Qg2 Rxf3 32.Bxf3 Na4 33.Qd2 Bc8 34.Ke2 
exd5 35.cxd5 Qa3 36.Nc2 Qe7 37.Kf1 a5 38.Ne3 Bd7 39.Bg4 Nc5 40.Qg2 Qf7+ 
41.Bf5 Kf8 42.Kg1 Ke7 43.Qh3 Nxe4 44.Qg4 Nf6 45.Qxg5 Kd6 46.Nc4+ Kxd5 47.
Nxe5 Kxe5 48.Bg6+ Ke6 49.Qe3+ 1-0

[Event "32nd Rilton Cup"]
[Site "Stockholm SWE"]
[Date "2003.01.04"]
[Round "8.16"]
[White "Furhoff, Johan"]
[Black "Ornstein, Axel"]
[Result "1/2-1/2"]
[WhiteElo "2302"]
[BlackElo "2426"]
[EventDate "2002.12.27"]
[PlyCount "94"]

1.e4 c5 2.Nf3 Nc6 3.d4 cxd4 4.Nxd4 g6 5.c4 Bg7 6.Be3 Nf6 7.Nc3 O-O 8.Be2 
d6 9.O-O Bd7 10.Qd2 a6 11.f3 Rb8 12.Nb3 Ne5 13.a4 Rc8 14.Nd5 Nxc4 15.Bxc4 
Rxc4 16.Na5 Rxa4 17.Nxb7 Qe8 18.Nxf6+ Bxf6 19.Bh6 Bg7 20.Bxg7 Kxg7 21.Rxa4
Bxa4 22.Ra1 Bb5 23.Qc3+ Kg8 24.Qc7 Qb8 25.Rc1 Qa7+ 26.Kh1 Rb8 27.Na5 Qxc7 
28.Rxc7 Kf8 29.h4 f5 30.Nb7 fxe4 31.fxe4 Ke8 32.Kh2 Bd3 33.e5 Be4 34.Na5 
Rxb2 35.exd6 exd6 36.Nc4 Rxg2+ 37.Kh3 d5 38.Nd6+ Kd8 39.Rxh7 Rg1 40.Ra7 
Bd3 41.Nf7+ Kc8 42.Ne5 Bf1+ 43.Kh2 Rg2+ 44.Kh1 Rg3 45.Rf7 Rh3+ 46.Kg1 Be2 
47.Nxg6 Rg3+ 1/2-1/2

[Event "32nd Rilton Cup"]
[Site "Stockholm SWE"]
[Date "2003.01.04"]
[Round "8.17"]
[White "Johansson, Viktoria"]
[Black "Nyysti, Sampsa"]
[Result "1/2-1/2"]
[WhiteElo "2165"]
[BlackElo "2410"]
[EventDate "2002.12.27"]
[PlyCount "84"]

1.d4 Nf6 2.c4 e6 3.Nc3 Bb4 4.e3 O-O 5.Bd3 d5 6.Nf3 c5 7.O-O Nc6 8.a3 Bxc3 
9.bxc3 Qc7 10.Qc2 dxc4 11.Bxc4 e5 12.Bd3 Bg4 13.dxe5 Nxe5 14.Nxe5 Qxe5 15.
Bb2 Rad8 16.c4 Qd6 17.Bf5 Qd2 18.Bxf6 Qxc2 19.Bxc2 gxf6 20.Be4 b6 21.Bd5 
Be6 22.e4 f5 23.f3 Kg7 24.a4 Kf6 25.Rfb1 fxe4 26.fxe4 Ke5 27.a5 Rd6 28.
axb6 axb6 29.Ra6 Rb8 30.Ra7 Bxd5 31.exd5 Kd4 32.Rc1 Rf6 33.Ra2 Ke5 34.Re2+
Kd6 35.Rb2 Rf4 36.g3 Re4 37.Rf2 Rb7 38.Rf5 Rd4 39.Kg2 Rd2+ 40.Kh3 Rd4 41.
Rh5 f6 42.Rf5 Rf7 1/2-1/2

[Event "32nd Rilton Cup"]
[Site "Stockholm SWE"]
[Date "2003.01.04"]
[Round "8.19"]
[White "Tetenkina, Irina"]
[Black "Ernst, Thomas"]
[Result "1/2-1/2"]
[WhiteElo "2251"]
[BlackElo "2450"]
[EventDate "2002.12.27"]
[PlyCount "185"]

1.Nf3 c5 2.c4 Nc6 3.Nc3 e5 4.g3 g6 5.Bg2 Bg7 6.O-O d6 7.Ne1 Be6 8.Nd5 Nge7
9.Nc2 O-O 10.Rb1 a5 11.a3 Rb8 12.b4 axb4 13.axb4 b5 14.bxc5 bxc4 15.Rxb8 
Qxb8 16.Nxe7+ Nxe7 17.cxd6 Qxd6 18.Ba3 Qd7 19.d4 exd4 20.Nxd4 Qxd4 21.Qxd4
Bxd4 22.Bxe7 Rb8 23.e3 Bb2 24.Be4 Bf5 25.Bxf5 gxf5 26.Kg2 Rb7 27.Bc5 Rc7 
28.Bd4 c3 29.e4 fxe4 30.Re1 Ba3 31.Rxe4 c2 32.Rg4+ Kf8 33.Bg7+ Ke8 34.Bh6 
c1=Q 35.Bxc1 Bxc1 36.Rg8+ Ke7 37.Rh8 h6 38.f4 Rc6 39.Kf3 Bb2 40.Rb8 Bg7 
41.h4 Rc3+ 42.Kg2 Kf6 43.g4 Rc6 44.Rb7 Bf8 45.f5 Bd6 46.g5+ hxg5 47.hxg5+ 
Kxf5 48.Rxf7+ Kxg5 49.Kf3 Rc4 50.Ke3 Be5 51.Kd3 Ra4 52.Rf2 Bf4 53.Rc2 Kf5 
54.Rc4 Ra8 55.Rb4 Be5 56.Rb3 Rd8+ 57.Ke3 Bd4+ 58.Kd3 Be5+ 59.Ke3 Bf4+ 60.
Kf3 Rh8 61.Ke2 Rd8 62.Kf3 Rd2 63.Rb5+ Be5 64.Ke3 Rh2 65.Kd3 Rh3+ 66.Kc4 
Ke4 67.Rc5 Bd4 68.Rc6 Ke5 69.Rg6 Rc3+ 70.Kb4 Rc8 71.Rg5+ Ke4 72.Rh5 Be5 
73.Rh4+ Kd5 74.Kb3 Rc3+ 75.Kb4 Rc1 76.Rh3 Rc8 77.Rd3+ Bd4 78.Kb3 Rb8+ 79.
Kc2 Kc4 80.Rh3 Rb2+ 81.Kc1 Rg2 82.Kd1 Bc3 83.Rh7 Rd2+ 84.Kc1 Re2 85.Rf7 
Kb3 86.Rb7+ Bb4 87.Rd7 Bc3 88.Rb7+ Kc4 89.Rf7 Kb3 90.Rd7 Re8 91.Rb7+ Bb4 
92.Rd7 Bc5 93.Kd2 1/2-1/2

[Event "32nd Rilton Cup"]
[Site "Stockholm SWE"]
[Date "2003.01.04"]
[Round "8.25"]
[White "Johansen, Terje"]
[Black "Luukkonen, Tommi"]
[Result "1-0"]
[WhiteElo "2267"]
[BlackElo "2081"]
[EventDate "2002.12.27"]
[PlyCount "89"]

1.d4 Nf6 2.c4 e6 3.Nc3 Bb4 4.Qc2 c5 5.dxc5 O-O 6.a3 Bxc5 7.Nf3 b6 8.Bg5 
Bb7 9.e4 h6 10.Bh4 Be7 11.Bd3 Nh5 12.Bxe7 Qxe7 13.O-O-O Nc6 14.Qd2 Qf6 15.
Kb1 a6 16.Qe3 Ne5 17.Nxe5 Qxe5 18.Be2 Bc6 19.Bxh5 Qxh5 20.Qxb6 Rfb8 21.Qd4
Qa5 22.Ka2 f5 23.exf5 Qxf5 24.Rd3 e5 25.Qe3 a5 26.Rhd1 Kh8 27.R1d2 Qg4 28.
Qc5 Qxg2 29.Rg3 Qxh2 30.Qxe5 Rg8 31.Nd5 Bxd5 32.Rxd5 Rae8 33.Qd4 Re7 34.
Rxa5 Rf7 35.Ra6 Rxf2 36.Rxh6+ Qxh6 37.Qxf2 Re8 38.Qf5 Re3 39.Qf8+ Kh7 40.
Qf5+ Kg8 41.Rg6 Qh4 42.Qd5+ Kh7 43.Rg1 Rh3 44.Qf5+ Kg8 45.Rg4 1-0

[Event "32nd Rilton Cup"]
[Site "Stockholm SWE"]
[Date "2003.01.04"]
[Round "8.26"]
[White "Landgren, Andreas"]
[Black "Lindberg, Bengt"]
[Result "0-1"]
[WhiteElo "2164"]
[BlackElo "2382"]
[EventDate "2002.12.27"]
[PlyCount "44"]

1.d4 Nf6 2.c4 e6 3.Nf3 b6 4.g3 Ba6 5.b3 Bb4+ 6.Bd2 Be7 7.Bg2 c6 8.O-O d5 
9.Qc2 Nbd7 10.Rd1 O-O 11.Bf4 Rc8 12.Nc3 Qe8 13.e4 dxc4 14.Qe2 Bb4 15.Bd2 
e5 16.a3 Bd6 17.Bc1 exd4 18.Nxd4 Be5 19.Rb1 c5 20.Ndb5 cxb3 21.Rxb3 Nb8 
22.f4 Bxc3 0-1

[Event "32nd Rilton Cup"]
[Site "Stockholm SWE"]
[Date "2003.01.05"]
[Round "9.1"]
[White "Gleizerov, Evgeny"]
[Black "Jussupow, Artur"]
[Result "1/2-1/2"]
[WhiteElo "2581"]
[BlackElo "2622"]
[EventDate "2002.12.27"]
[PlyCount "21"]

1.d4 Nf6 2.c4 e6 3.g3 Bb4+ 4.Bd2 Be7 5.Bg2 d5 6.Nf3 O-O 7.O-O c6 8.Qb3 
Nbd7 9.Nc3 Nb6 10.c5 Nc4 11.Qc2 1/2-1/2

[Event "32nd Rilton Cup"]
[Site "Stockholm SWE"]
[Date "2003.01.05"]
[Round "9.2"]
[White "Ivanov, Sergei"]
[Black "Barkhagen, Jonas"]
[Result "0-1"]
[WhiteElo "2561"]
[BlackElo "2458"]
[EventDate "2002.12.27"]
[PlyCount "118"]

1.d4 Nf6 2.c4 e6 3.Nc3 Bb4 4.Qc2 O-O 5.a3 Bxc3+ 6.Qxc3 b6 7.Bg5 Bb7 8.e3 
d6 9.f3 Nbd7 10.Bd3 c5 11.Ne2 Rc8 12.O-O h6 13.Bh4 d5 14.cxd5 Nxd5 15.Qe1 
g5 16.Bf2 cxd4 17.exd4 Qf6 18.Qd2 Rfd8 19.Bg3 e5 20.Be4 exd4 21.Qxd4 Nc5 
22.Qxf6 Nxf6 23.Bf5 Ra8 24.Rfd1 Nb3 25.Rab1 Nd2 26.Rbc1 Nb3 27.Rxd8+ Rxd8 
28.Rc3 Nc5 29.b4 Ne6 30.Rd3 Nd5 31.Be4 Kf8 32.Be5 Ke7 33.Ng3 Nef4 34.Nf5+ 
Ke6 35.Bxf4 gxf4 36.Nxh6 Rh8 37.Nxf7 Rc8 38.Ng5+ Ke5 39.h4 Rc1+ 40.Kh2 Ne3
41.Bxb7 Nf1+ 42.Kh3 Ne3 43.Rxe3+ fxe3 44.Ba6 Ra1 45.Kg3 Rxa3 46.f4+ Kd4 
47.Nf3+ Kc3 48.b5 Ra1 49.Bc8 Rf1 50.Ng1 Rxg1 51.Bg4 Kd2 52.h5 a5 53.bxa6 
Ra1 54.h6 Rxa6 55.Kh4 b5 56.Kg5 b4 57.h7 Ra8 58.Kg6 b3 59.Be6 b2 0-1

[Event "32nd Rilton Cup"]
[Site "Stockholm SWE"]
[Date "2003.01.05"]
[Round "9.4"]
[White "Kovalevskaya, Ekaterina"]
[Black "Brynell, Stellan"]
[Result "1/2-1/2"]
[WhiteElo "2466"]
[BlackElo "2524"]
[EventDate "2002.12.27"]
[PlyCount "36"]

1.e4 e6 2.d4 d5 3.Nc3 Bb4 4.exd5 exd5 5.Bd3 Nc6 6.a3 Bxc3+ 7.bxc3 Nf6 8.
Ne2 O-O 9.O-O Na5 10.Bg5 h6 11.Bh4 Qd6 12.Qc1 Nc4 13.Re1 Bd7 14.Nf4 Bc6 
15.Bg3 Qd7 16.Bh4 Qd6 17.Bg3 Qd7 18.Bh4 Qd6 1/2-1/2

[Event "32nd Rilton Cup"]
[Site "Stockholm SWE"]
[Date "2003.01.05"]
[Round "9.6"]
[White "Bellon Lopez, Juan Manuel"]
[Black "Ulybin, Mikhail"]
[Result "1-0"]
[WhiteElo "2428"]
[BlackElo "2581"]
[EventDate "2002.12.27"]
[PlyCount "121"]

1.d4 d5 2.c4 c6 3.Nf3 Nf6 4.Nc3 dxc4 5.a4 Bg4 6.Ne5 Bh5 7.f3 Nfd7 8.Nxc4 
Qc7 9.e4 f6 10.d5 Bf7 11.Be3 Na6 12.Rc1 e5 13.dxc6 bxc6 14.Nxe5 fxe5 15.
Bxa6 Bc5 16.Bxc5 Nxc5 17.Nd5 cxd5 18.Bb5+ Ke7 19.b4 a6 20.Be2 Nd3+ 21.Bxd3
Qb6 22.Qd2 Rhd8 23.Rc5 dxe4 24.fxe4 Rxd3 25.Qxd3 Qxb4+ 26.Qc3 Qxe4+ 27.Kf2
Bd5 28.Rc7+ Kf6 29.Rf1 Qxg2+ 30.Ke1+ Ke6 31.Qc5 Qe4+ 32.Kd2 Qd4+ 33.Qxd4 
exd4 34.Rxg7 Be4 35.Re1 Kf6 36.Rg4 Bf5 37.Rxd4 Rc8 38.Rd6+ Kg5 39.Rd5 Rc2+
40.Ke3 Rc3+ 41.Kd4 Rf3 42.Ra5 h5 43.Re8 Rd3+ 44.Kc4 Rf3 45.Rd8 Rf2 46.Rf8 
Kg4 47.h3+ Kg5 48.Kb4 Rf4+ 49.Kc3 Rf3+ 50.Kd2 h4 51.Ke2 Rf4 52.Ke3 Rf1 53.
Rxa6 Bxh3 54.Rxf1 Bxf1 55.Ra8 h3 56.Rg8+ Kh6 57.Kf2 Bc4 58.Rh8+ Kg7 59.
Rxh3 Kf6 60.Re3 Kf5 61.a5 1-0

[Event "32nd Rilton Cup"]
[Site "Stockholm SWE"]
[Date "2003.01.05"]
[Round "9.7"]
[White "Trygstad, Kristian"]
[Black "Berg, Emanuel"]
[Result "0-1"]
[WhiteElo "2299"]
[BlackElo "2535"]
[EventDate "2002.12.27"]
[PlyCount "120"]

1.e4 e6 2.d4 d5 3.Nc3 Bb4 4.exd5 exd5 5.Bd3 Nc6 6.a3 Bxc3+ 7.bxc3 Nce7 8.
Rb1 Nf6 9.Ne2 Ne4 10.c4 c6 11.c5 b6 12.f3 Nf6 13.cxb6 axb6 14.Ng3 O-O 15.
O-O h6 16.Re1 Re8 17.Rb3 Ba6 18.Bxa6 Rxa6 19.Rbe3 Ra8 20.f4 Qd7 21.Qd3 c5 
22.dxc5 bxc5 23.Bb2 d4 24.R3e2 Ned5 25.Bc1 Rxe2 26.Rxe2 Rb8 27.Re1 Rb1 28.
c4 Nc3 29.Bd2 Rb3 30.Rc1 Rxa3 31.Bxc3 Rxc3 32.Rxc3 dxc3 33.Qxc3 Qd1+ 34.
Nf1 Ne4 35.Qb2 Qd3 36.Qb8+ Kh7 37.Qe5 Qxc4 38.Ne3 Qc1+ 39.Nf1 Qc4 40.Ne3 
Qe6 41.Qxe6 fxe6 42.Kf1 Kg6 43.Ke2 Nd6 44.Kd3 Kf6 45.g3 Ke7 46.Ng4 Nf7 47.
Kc4 Kd6 48.Kb5 Kd5 49.Ne3+ Kd4 50.Nc2+ Kc3 51.Na3 Kd4 52.Nc2+ Kd5 53.Ne3+ 
Ke4 54.Nc4 Kf3 55.Kxc5 Kg2 56.Ne5 Kxh2 57.Nxf7 Kxg3 58.Kd6 Kxf4 59.Kxe6 h5
60.Ne5 h4 0-1

[Event "32nd Rilton Cup"]
[Site "Stockholm SWE"]
[Date "2003.01.05"]
[Round "9.8"]
[White "Shumiakina, Tatania"]
[Black "Hunt, Harriet"]
[Result "0-1"]
[WhiteElo "2364"]
[BlackElo "2406"]
[EventDate "2002.12.27"]
[PlyCount "144"]

1.d4 Nf6 2.c4 e6 3.Nc3 Bb4 4.Qc2 O-O 5.a3 Bxc3+ 6.Qxc3 b6 7.Bg5 Bb7 8.e3 
c5 9.dxc5 bxc5 10.Nf3 a5 11.Bd3 d6 12.O-O Nbd7 13.Rfd1 Qb6 14.Nd2 Rfb8 15.
f3 a4 16.Rab1 Bc6 17.Qc2 h6 18.Bh4 Qc7 19.Bg3 Ra6 20.Nf1 Ne8 21.Rd2 Rab6 
22.Qd1 e5 23.Bc2 Qa7 24.Bh4 Nf8 25.Bf2 g6 26.Qc1 Qb7 27.Bd1 e4 28.f4 Nd7 
29.Ng3 Qa6 30.Ne2 R6b7 31.Ng3 Nb6 32.Be2 f5 33.Nf1 Bd7 34.Rc2 Be6 35.h3 
Nc8 36.Qd1 Ne7 37.Bh4 Nc6 38.Bf2 Na5 39.Nd2 Rb6 40.Kh2 Nb3 41.Nf1 Qb7 42.
g4 Kh7 43.Ng3 Rd8 44.Qe1 Ng7 45.Qc3 d5 46.cxd5 Bxd5 47.Rg1 fxg4 48.Bxg4 
Qe7 49.f5 g5 50.Be1 Bf7 51.Rf2 Ne8 52.f6 Rxf6 53.Bf5+ Bg6 54.Rgf1 Rd3 55.
Qc4 Bxf5 56.Nxf5 Qe5+ 57.Kh1 Qe6 58.Qxa4 Rd1 59.Bc3 Rxf1+ 60.Rxf1 Rxf5 61.
Rxf5 Qxf5 62.Qxe8 Qxh3+ 63.Kg1 Qxe3+ 64.Kh2 Qf2+ 65.Kh1 Qf3+ 66.Kh2 Nd4 
67.Qe7+ Kg6 68.Qe8+ Kf5 69.Qd7+ Kf4 70.Qd6+ Kg4 71.Qxh6 Qf2+ 72.Kh1 Qf1+ 
0-1

[Event "32nd Rilton Cup"]
[Site "Stockholm SWE"]
[Date "2003.01.05"]
[Round "9.9"]
[White "Stefansson, Hannes Hlifar"]
[Black "Hermansson, Emil"]
[Result "1-0"]
[WhiteElo "2566"]
[BlackElo "2370"]
[EventDate "2002.12.27"]
[PlyCount "59"]

1.e4 c6 2.d4 d5 3.Nd2 dxe4 4.Nxe4 Bf5 5.Ng3 Bg6 6.h4 h6 7.Nf3 Nf6 8.Ne5 
Bh7 9.Bd3 Bxd3 10.Qxd3 e6 11.Be3 Qa5+ 12.Bd2 Bb4 13.c3 Be7 14.f4 Nbd7 15.
O-O Rd8 16.Nc4 Qa6 17.f5 e5 18.Rae1 O-O 19.Nxe5 Qxa2 20.Ng6 fxg6 21.Rxe7 
Nd5 22.Ree1 b5 23.Ra1 Qc4 24.Qxc4 bxc4 25.Rxa7 Ne7 26.fxg6 Rxf1+ 27.Nxf1 
Nxg6 28.h5 Ngf8 29.Ne3 Nb6 30.Rc7 1-0

[Event "32nd Rilton Cup"]
[Site "Stockholm SWE"]
[Date "2003.01.05"]
[Round "9.11"]
[White "Lehtinen, Hekki"]
[Black "Cramling, Pia"]
[Result "1/2-1/2"]
[WhiteElo "2332"]
[BlackElo "2508"]
[EventDate "2002.12.27"]
[PlyCount "117"]

1.c4 e5 2.g3 Nf6 3.Bg2 d5 4.cxd5 Nxd5 5.Nf3 Nc6 6.O-O Nb6 7.d3 Be7 8.Nbd2 
O-O 9.a3 Be6 10.b4 f6 11.Bb2 a5 12.b5 Na7 13.d4 Nxb5 14.dxe5 a4 15.exf6 
Bxf6 16.Bxf6 Qxf6 17.Ne4 Qe7 18.Neg5 Bf5 19.Qc1 h6 20.e4 Bd7 21.h4 hxg5 
22.Nxg5 c6 23.f4 Be8 24.e5 Bg6 25.g4 Nd4 26.Qb2 Nb3 27.f5 Qc5+ 28.Kh1 Nc4 
29.Qc3 Nxe5 30.Qxc5 Nxc5 31.fxg6 Nxg6 32.Rac1 Nd3 33.Rb1 Nc5 34.h5 Ne5 35.
Rb4 Rxf1+ 36.Bxf1 Rd8 37.Ne4 Ne6 38.Rxa4 Rd1 39.Kg1 Nd4 40.g5 Kf7 41.Ra7 
Rb1 42.Rxb7+ Rxb7 43.Nd6+ Ke7 44.Nxb7 Nef3+ 45.Kf2 Nxg5 46.a4 Kd7 47.Ke3 
Nde6 48.Na5 Nc5 49.Bg2 Kc7 50.Nxc6 Nxa4 51.Kf4 Nh7 52.Nd4 Nc5 53.Nf5 Kd7 
54.Nxg7 Ne6+ 55.Nxe6 Kxe6 56.Be4 Nf6 57.h6 Kf7 58.h7 Kg7 59.h8=N 1/2-1/2

[Event "32nd Rilton Cup"]
[Site "Stockholm SWE"]
[Date "2003.01.05"]
[Round "9.13"]
[White "Djurhuus, Rune"]
[Black "Furhoff, Johan"]
[Result "1-0"]
[WhiteElo "2479"]
[BlackElo "2302"]
[EventDate "2002.12.27"]
[PlyCount "69"]

1.e4 Nc6 2.d4 d5 3.e5 Bf5 4.c3 e6 5.Nf3 f6 6.Bb5 Ne7 7.exf6 gxf6 8.Nh4 Bg6
9.O-O Qd7 10.Nd2 a6 11.Ba4 e5 12.Re1 Bg7 13.f4 b5 14.Nxg6 hxg6 15.Bc2 e4 
16.a4 b4 17.a5 Qd6 18.Nb3 Kf7 19.Nc5 Rh5 20.Bb3 f5 21.g3 Rah8 22.Re2 g5 
23.Be3 Ng6 24.Nb7 Qe6 25.fxg5 f4 26.Bxf4 Nxf4 27.gxf4 Kg6 28.Qd2 Ne7 29.
Rf1 Qg4+ 30.Rg2 Rxh2 31.Rxg4 Rxd2 32.f5+ Nxf5 33.Bxd5 Kh5 34.Rff4 Ne3 35.
Bf7# 1-0

[Event "32nd Rilton Cup"]
[Site "Stockholm SWE"]
[Date "2003.01.05"]
[Round "9.14"]
[White "Kiik, Kalle"]
[Black "Spielmann, Alain"]
[Result "1/2-1/2"]
[WhiteElo "2445"]
[BlackElo "2308"]
[EventDate "2002.12.27"]
[PlyCount "90"]

1.e4 e6 2.d4 d5 3.e5 c5 4.c3 Nc6 5.Nf3 Bd7 6.a3 Rc8 7.dxc5 Bxc5 8.b4 Bb6 
9.Bd3 f6 10.O-O fxe5 11.b5 Na5 12.Nxe5 Nf6 13.a4 O-O 14.Ba3 Bc5 15.Bb4 Qc7
16.Bxc5 Qxc5 17.Ra2 Be8 18.Qe2 Bh5 19.g4 Be8 20.Nd2 Qd6 21.Rc2 b6 22.Ndf3 
Nb7 23.Nd4 Nc5 24.f4 Nfe4 25.g5 Nxd3 26.Qxd3 Nxg5 27.Rg2 Ne4 28.Qh3 Rf6 
29.Ndc6 Bxc6 30.bxc6 Qc5+ 31.Kh1 Qxc3 32.Qg4 g6 33.h4 h5 34.Qf3 Qxf3 35.
Rxf3 Kh7 36.a5 Rcf8 37.axb6 axb6 38.Rb2 Rxf4 39.Rxf4 Rxf4 40.Rxb6 Rxh4+ 
41.Kg1 Rh3 42.Rb7+ Kg8 43.Rd7 Rc3 44.c7 Nd6 45.Nxg6 h4 1/2-1/2

[Event "32nd Rilton Cup"]
[Site "Stockholm SWE"]
[Date "2003.01.05"]
[Round "9.16"]
[White "Von Bahr, Oskar"]
[Black "Karttunen, Mika"]
[Result "1/2-1/2"]
[WhiteElo "2320"]
[BlackElo "2413"]
[EventDate "2002.12.27"]
[PlyCount "23"]

1.e4 c6 2.d4 d5 3.Nd2 Qb6 4.c3 dxe4 5.Nxe4 Bf5 6.Bd3 e6 7.Nf3 Bg6 8.Ne5 
Be7 9.O-O Nf6 10.Nxg6 hxg6 11.Ng5 c5 12.dxc5 1/2-1/2

[Event "32nd Rilton Cup"]
[Site "Stockholm SWE"]
[Date "2003.01.05"]
[Round "9.17"]
[White "Nyysti, Sampsa"]
[Black "Johansen, Terje"]
[Result "1/2-1/2"]
[WhiteElo "2410"]
[BlackElo "2267"]
[EventDate "2002.12.27"]
[PlyCount "52"]

1.e4 c6 2.d4 d5 3.Nd2 dxe4 4.Nxe4 Bf5 5.Ng3 Bg6 6.h4 h6 7.Nf3 Nd7 8.h5 Bh7
9.Bd3 Bxd3 10.Qxd3 e6 11.Bf4 Ngf6 12.O-O-O Be7 13.Kb1 O-O 14.Ne4 Nxe4 15.
Qxe4 Qa5 16.Rd3 Rad8 17.Rb3 Nf6 18.Qe3 Nd5 19.Qc1 Nxf4 20.Qxf4 Bd6 21.Qe3 
Rd7 22.g4 Rfd8 23.g5 Qf5 24.gxh6 Bf4 25.Qd3 Qxd3 26.Rxd3 Bxh6 1/2-1/2

[Event "32nd Rilton Cup"]
[Site "Stockholm SWE"]
[Date "2003.01.05"]
[Round "9.18"]
[White "Popov, Valery"]
[Black "Mertanen, Janne"]
[Result "1-0"]
[WhiteElo "2568"]
[BlackElo "2241"]
[EventDate "2002.12.27"]
[PlyCount "63"]

1.d4 d5 2.c4 c6 3.Nf3 Nf6 4.Nc3 a6 5.c5 Nbd7 6.Bf4 Nh5 7.Bd2 Nhf6 8.b4 g6 
9.Bf4 Nh5 10.e3 Bg7 11.Bd3 O-O 12.O-O b6 13.Qa4 Nxf4 14.exf4 Qc7 15.cxb6 
Qxb6 16.Ne2 a5 17.Rab1 Ba6 18.b5 cxb5 19.Bxb5 Bxb5 20.Rxb5 Qa7 21.Rfb1 
Rfb8 22.g3 Bf6 23.Rxb8+ Rxb8 24.Rxb8+ Nxb8 25.Qe8+ Kg7 26.g4 e6 27.g5 Be7 
28.h4 Qc7 29.h5 gxh5 30.Ng3 Qd8 31.Nxh5+ Kg6 32.Ne5+ 1-0

[Event "32nd Rilton Cup"]
[Site "Stockholm SWE"]
[Date "2003.01.05"]
[Round "9.19"]
[White "Hellborg, Teodor"]
[Black "Lobron, Eric"]
[Result "1/2-1/2"]
[WhiteElo "2240"]
[BlackElo "2500"]
[EventDate "2002.12.27"]
[PlyCount "64"]

1.d4 Nf6 2.c4 d6 3.Nc3 Nbd7 4.e4 e5 5.Nf3 c6 6.Be2 Be7 7.O-O O-O 8.Re1 a6 
9.h3 Re8 10.Bf1 b5 11.a3 Bb7 12.b4 Bf8 13.dxe5 dxe5 14.Bb2 Qe7 15.Qb3 Bc8 
16.c5 a5 17.Nd5 cxd5 18.exd5 axb4 19.axb4 Rxa1 20.Rxa1 Nxc5 21.bxc5 Qxc5 
22.Bxb5 Bd7 23.Bxd7 Nxd7 24.Qa4 Rb8 25.Bxe5 Nxe5 26.Nxe5 Qxd5 27.Re1 h5 
28.Qc4 Qxc4 29.Nxc4 Rb4 30.Rc1 h4 31.Kf1 Ra4 32.Rc2 Be7 1/2-1/2